Toutes les stations de ski des Alpes Françaises - Statistiques

Statistiques générales
  • Ce quiz a été pris 100 fois
  • Le résultat moyen est 29 sur 154
Statistiques - réponses
DEPARTEMENTS STATION % Correct
SAVOIE Courchevel
76%
SAVOIE Val d'isère
76%
HAUTE SAVOIE Chamonix
72%
SAVOIE Val Thorens
68%
SAVOIE La Plagne
67%
SAVOIE Tignes
67%
SAVOIE Méribel
65%
SAVOIE Les Arcs
61%
HAUTE SAVOIE Megève
60%
HAUTE SAVOIE Avoriaz
56%
SAVOIE Les Ménuires
56%
ALPES MARITIMES Isola 2000
50%
ISERE Les 2 Alpes
50%
ISERE Alpe d'Huez
46%
HAUTE SAVOIE La Clusaz
44%
HAUTES ALPES Serre Chevalier
44%
HAUTES ALPES Vars
44%
HAUTE SAVOIE Les Gets
43%
HAUTE SAVOIE Morzine
40%
SAVOIE Valloire
40%
HAUTE SAVOIE Le Grand Bornand
38%
HAUTES ALPES Risoul
38%
SAVOIE Val Cenis
38%
HAUTE SAVOIE Flaine
36%
SAVOIE La Rosière
36%
SAVOIE Les Saisies
36%
HAUTE SAVOIE Saint Gervais
36%
HAUTE SAVOIE Samoens
36%
HAUTE SAVOIE Chatel
33%
HAUTES ALPES Les Orres
32%
SAVOIE Valmorel
32%
ISERE Chamrousse
31%
HAUTE SAVOIE Combloux
31%
SAVOIE La Toussuire
31%
SAVOIE Bonneval sur Arc
29%
SAVOIE Saint Sorlin d'Arves
29%
SAVOIE Les Karellis
28%
SAVOIE Le Corbier
26%
ALPES MARITIMES Auron
25%
ISERE Les 7 Laux
24%
HAUTES ALPES Orcières Merlette
24%
SAVOIE Valmeinier
24%
SAVOIE Arêches Beaufort
22%
HAUTE SAVOIE Les Contamines Montjoie
22%
HAUTES ALPES Montgenèvre
22%
SAVOIE Orelle
22%
ALPES DE HAUTES PROVENCE Praloup
22%
SAVOIE Sainte Foy Tarentaise
22%
SAVOIE Saint François Longchamp
22%
SAVOIE Saint jean d'Arves
22%
HAUTE SAVOIE Abondance
21%
SAVOIE Aussois
21%
HAUTE SAVOIE Les Houches
21%
SAVOIE Valfréjus
21%
ISERE Villard de Lans
19%
SAVOIE La Giettaz
18%
HAUTE SAVOIE Le Semnoz
18%
SAVOIE Peisey-Vallandry
18%
HAUTE SAVOIE | SAVOIE Praz sur Arly
18%
ISERE Vaujany
18%
SAVOIE Crest-Voland
17%
HAUTE SAVOIE La Chapelle d'Abondance
17%
SAVOIE La Norma
17%
ISERE Le Collet d'Allevard
17%
HAUTES ALPES Le Dévoluy
17%
HAUTES ALPES Puy Saint Vincent
17%
SAVOIE Saint Martin de Belleville
17%
ALPES MARITIMES Valberg
17%
ALPES DE HAUTES PROVENCE Val d'Allos
17%
HAUTE SAVOIE Vallorcine
17%
SAVOIE Bessans
15%
SAVOIE Champagny en Vanoise
15%
HAUTE SAVOIE Les Carroz d'Araches
15%
HAUTE SAVOIE Manigod
15%
SAVOIE Pralognan la Vanoise
15%
SAVOIE Albiez-Montrond
14%
HAUTE SAVOIE Cordon
14%
HAUTES ALPES Saint Véran
14%
ALPES DE HAUTES PROVENCE Chabanon
13%
SAVOIE Hauteluce
13%
ISERE Lans en Vercors
13%
SAVOIE Les Aillons-Margériaz
13%
HAUTE SAVOIE Praz de Lys-Sommand
13%
HAUTES ALPES Réallon
13%
HAUTE SAVOIE Saint Jean de Sixt
13%
HAUTE SAVOIE Bernex
11%
HAUTE SAVOIE Les Brasses
11%
ISERE Saint Pierre de Chartreuse/ Le Planolet
11%
HAUTE SAVOIE Sixt Fer a Cheval
11%
ISERE Alpe du Grand Serre
10%
HAUTES ALPES Ancelle
10%
ISERE Auris en Oisans
10%
HAUTE SAVOIE Hirmentaz
10%
SAVOIE Les Bottières
10%
HAUTE SAVOIE Thollon les Mémises
10%
ALPES MARITIMES Gréolières les Neiges
8%
HAUTES ALPES Molines en Queyras
8%
HAUTE SAVOIE Montriond
8%
ISERE Oz en Oisans
8%
SAVOIE Saint Colomban des Villards
8%
SAVOIE Savoie Grand Revard
8%
SAVOIE Villaroger
8%
HAUTES ALPES Abriès en Queyras
7%
ISERE Autrans Méaudre
7%
ISERE Corrençon en Vercors
7%
HAUTES ALPES Crévoux
7%
ALPES MARITIMES La Colmiane
7%
HAUTES ALPES Pelvoux-Vallouise
7%
ISERE Villard Reculas
7%
HAUTES ALPES Arvieux en Queyras
6%
ALPES MARITIMES Beuil les Launes
6%
HAUTES ALPES Ceillac en Queyras
6%
ISERE Gresse en Vercors
6%
SAVOIE Le Granier
6%
HAUTE SAVOIE Les Habères
6%
HAUTE SAVOIE Passy-Plaine Joux
6%
ALPES DE HAUTES PROVENCE Sainte Anne la Condamine
6%
HAUTES ALPES Saint Léger les Mélèzes
6%
ALPES DE HAUTES PROVENCE Sauze Super Sauze
6%
ISERE Col de Marcieu
4%
ISERE Col de Porte
4%
ISERE Col d'Ornon
4%
HAUTES ALPES La Grave La Meije
4%
HAUTE SAVOIE Le Reposoir
4%
SAVOIE Montchavin les Coches
4%
ALPES DE HAUTES PROVENCE Montclar les 2 Vallées
4%
HAUTES ALPES Chaillol
3%
HAUTE SAVOIE Col de la Forclaz
3%
SAVOIE Flumet-Saint Nicolas la Chapelle
3%
HAUTE SAVOIE La Chèvrerie
3%
SAVOIE Le Désert d'Entremont
3%
HAUTE SAVOIE Morillion
3%
ALPES MARITIMES Roubion-Les Buisses
3%
ISERE Saint Hilaire du Touvet
3%
HAUTES ALPES Serre Eyraud
3%
ALPES MARITIMES Turini Camp d'Argent
3%
HAUTES ALPES Aiguilles en Queyras
1%
ALPES MARITIMES L'Audibergue - La Moulière
1%
HAUTES ALPES Laye en Champsaur
1%
SAVOIE Les Rafforts
1%
HAUTE SAVOIE Mont Saxonnex
1%
SAVOIE Notre Dame du Pré
1%
SAVOIE Notre de Dame de Bellecombe
1%
HAUTES ALPES Ristolas en Queyras
1%
HAUTE SAVOIE Romme
1%
HAUTE SAVOIE Thorens-Glières
1%
ALPES MARITIMES Val Pelens
1%
HAUTE SAVOIE Col du Feu
0%
HAUTE SAVOIE La Grande Terche
0%
HAUTE SAVOIE La Sambuy-Seythenex
0%
ISERE Les Coulmes
0%
ISERE Les Egaux
0%
HAUTE SAVOIE Orange-Montisel
0%
Aucun quiz correspondant
Distribution des résultats
% des personnes avec chaque résultat
Percentile par nombre de réponses
Votre historique - résultats
Vous n’avez pas pris ce quiz